000 01302nam0a2200325 4500
001 RU\NLR\BIBL_A\010983550
005 20250624205028.0
010 _a978-5-903622-70-2
021 _aRU
_b2016-7053
_9449
035 _a(NLR Aleph) 010983550
090 _a10887613
_c10887613
100 _a20160218d2015 |||y0rusy50 ca
101 1 _aeng
_cbak
102 _aRU
105 _aa z 000gy
200 1 _aAkbuzat
_ea bashkirian epic
_f[Min. of culture of the Rep. of Bashkortostan]
_gtransl. by Lara Lamb
_gil. by Airat Teregulov
210 _aUfa
_cInesh
_d2015
215 _a118, [2] c.
_cил.
_d22
225 1 _aTraditional and modern culture of the Republic of Bashkortostan
333 _a12+
541 0 _aАкбузат башкирский эпос
605 _a"Акбузат"
_lбашкирский эпос
_9929583
_3RU\NLR\AUTH\6623502
686 1 _aШ3(235=Баш)-611.0
702 1 _aLamb
_bL.
_gLara
_4730
702 1 _aTeregulov
_bA.
_gAirat
_4440
712 0 1 _4570
_7ba
_8eng
_aRepublic of Bashkortostan
_bMinistry of culture
_9509902
_3RU\NLR\AUTH\880422555
942 _cBOOK
980 _aNB